Nanomedicine in drug delivery / (Record no. 21512)
[ view plain ]
| 000 -LEADER | |
|---|---|
| fixed length control field | 01819cam a22002415a 4500 |
| 001 - CONTROL NUMBER | |
| control field | 17691258 |
| 005 - DATE AND TIME OF LATEST TRANSACTION | |
| control field | 20160327145028.0 |
| 008 - FIXED-LENGTH DATA ELEMENTS--GENERAL INFORMATION | |
| fixed length control field | 130403t2013 flua frb 001 0 eng d |
| 020 ## - INTERNATIONAL STANDARD BOOK NUMBER | |
| International Standard Book Number | 9781466506169 |
| 040 ## - CATALOGING SOURCE | |
| Original cataloging agency | DNLM/DLC |
| Transcribing agency | DLC |
| Modifying agency | DLC |
| -- | EG-ScBUE |
| Language of cataloging | eng |
| 082 04 - DEWEY DECIMAL CLASSIFICATION NUMBER | |
| Edition number | 22 |
| Classification number | 615.19 |
| Item number | NAN |
| 245 00 - TITLE STATEMENT | |
| Title | Nanomedicine in drug delivery / |
| Statement of responsibility, etc | editors, Arun Kumar ... [et al.] |
| 260 ## - PUBLICATION, DISTRIBUTION, ETC. (IMPRINT) | |
| Place of publication, distribution, etc | Boca Raton : |
| Name of publisher, distributor, etc | CRC Press / Taylor & Francis Group, |
| Date of publication, distribution, etc | c.2013. |
| 300 ## - PHYSICAL DESCRIPTION | |
| Extent | xv, 445 p. : |
| Other physical details | ill. ; |
| Dimensions | 24 cm. |
| 500 ## - GENERAL NOTE | |
| General note | Index : p. 423-445. |
| 504 ## - BIBLIOGRAPHY, ETC. NOTE | |
| Bibliography, etc | Includes bibliographical references. |
| 505 0# - FORMATTED CONTENTS NOTE | |
| Formatted contents note | Nanoparticles in drug delivery systems / Emilio Castro and Arun Kumar -- Synthesis and characterization of nanoencapsulated drugs / Arun Kumar, Ashley E. Saienni, and Niketa Dixit -- Nanoparticles for pulmonary drug delivery / Heidi M. Mansour, Chun-Woong Park, and Don Hayes -- Biological systems for the delivery of nanoparticles / Niketa Dixit ... [et al.] -- Nanodermatology : giant role of nanotechnology in diagnosis and treatment of skin disease / Adam Friedman -- Nanoparticles for drug delivery of small molecules / Ana Sofia Macedo and Eliana B. Souto -- Nanoparticle therapies for wounds and ulcer healing / Chiara Gardin ... [et al.] -- Nanoparticles in bioimaging / Javier L. Pou Ucha -- Nanoparticles in anticancer drug delivery / Frederic Lagarce -- Formulations of nanoparticles in drug delivery / Sushama Talegaonkar -- Nanoparticles for ocular drug delivery / Jaleh Barar -- Toxicology of nanoparticles / Eric R. Blough -- Animal and cellular models for use in nanoparticles safety study / Kevin M. Rice and Eric R. Blough. |
| 650 #7 - SUBJECT ADDED ENTRY--TOPICAL TERM | |
| Topical term or geographic name as entry element | Drug delivery systems. |
| Source of heading or term | BUEsh |
| 9 (RLIN) | 36090 |
| 650 #7 - SUBJECT ADDED ENTRY--TOPICAL TERM | |
| Topical term or geographic name as entry element | Nanomedicine. |
| 9 (RLIN) | 4192 |
| Source of heading or term | BUEsh |
| 653 ## - INDEX TERM--UNCONTROLLED | |
| Resource For college | Engineering, General |
| Arrived date list | March2016 |
| 700 1# - ADDED ENTRY--PERSONAL NAME | |
| Personal name | Kumar, Arun |
| Titles and other words associated with a name | (Professor) |
| Relator term | editor. |
| 942 ## - ADDED ENTRY ELEMENTS (KOHA) | |
| Source of classification or shelving scheme | Dewey Decimal Classification |
| Withdrawn status | Item status | Source of classification or shelving scheme | Damaged status | Not for loan | Vendor | Home library | Current library | Shelving location | Date acquired | Source of acquisition | Cost, normal purchase price | Serial Enumeration / chronology | Total Checkouts | Full call number | Barcode | Date last seen | Date last borrowed | Cost, replacement price | Koha item type |
|---|---|---|---|---|---|---|---|---|---|---|---|---|---|---|---|---|---|---|---|
| Dewey Decimal Classification | Scientific home BookShop | Central Library | Central Library | First floor | 27/03/2016 | Purchase | 1380.00 | 1 | 2 | 615.19 NAN | 000032186 | 15/07/2025 | 17/10/2019 | 1725.00 | Book - Borrowing |